000 01632nam a22002537a 4500
999 _c59859
_d59859
003 Ge_BSU
005 20230501142600.0
008 230501s2015 ge ||||| |||| 00| 0 geo d
020 _a15124991
041 _ageo
080 _a378(063)+94(479.23) ბ-17
245 _aბათუმის შოთა რუსთაველის სახელმწიფო უნივერსიტეტი :
_bნიკო ბერძენიშვილის ინსტიტუტის შრომები XI /
_cრედაქტორები: ნარგიზ ახვლედიანი, ბიჭიკო დიასამიძე, ჯემალ ვარშალომიძე, ოთარ თურმანიძე და სხვ.
264 _aბათუმი :
_bბათუმის შოთა რუსთაველის სახელმწიფო უნივერსიტეტი,
_c2015.
300 _a309 გვ.;
_b27 სმ.
500 _aპარალ. სათ. ინგლ. და რუს ენ.
653 _a არქეოლოგია
653 _a ისტორია
653 _aეთნოლოგია
700 _aახვლედიანი, ნარგიზ
_eრედაქტორი
_94833
700 _a ბიჭიკო დიასამიზე,
_eრედაქტორი
_917877
700 _aვარშალომიძე, ჯემალ
_eრედაქტორი
_94618
700 _aთურმანიძე, ოთარ და სხვ.
_eრედაქტორი
_917878
942 _2udc
_cBK